000 00572nam a2200193Ia 4500
005 20250508152017.0
008 008 250505s9999 xx 000 0 eng d
037 _aTextual
040 _aFEDL
_beng
_cFEDL
041 _aeng
_2eng
084 _a371.26, MON
_qFEDL
100 _aMonroe Walter Scott
_993246
245 0 _aMeasuring the results of teaching
260 _aBoston, USA
_bHoughton Mifflin Company
_c1918
300 _axviii,207p
650 _aEducational - Tests and Measurement
942 _cTEXL
_h371.26, MON
999 _c1333589
_d1333589